| 000 | 01447nam a22003857a 4500 | ||
|---|---|---|---|
| 001 | 0008936 | ||
| 003 | KOHA_MİRAKIL | ||
| 005 | 20260207001653.0 | ||
| 007 | ta | ||
| 008 | 091009b1997 tu a|||gr||||#||||0|tur | | ||
| 020 |
_a975160883X _cTL4 |
||
| 040 |
_aTR-BiSEU _btur _cTR-BiSEU _erda |
||
| 041 | 0 | _atur | |
| 044 | _ctu | ||
| 050 |
_aTN111 _b.T59 1997 |
||
| 100 | 1 | _aTızlak, Fahrettin. | |
| 245 | 1 |
_aOsmanlı döneminde Keban-Ergani yöresinde madencilik : _b(1775-1850)/ _cFahrettin Tızlak ; Fahrettin Tızlak. |
|
| 264 | 1 |
_aAnkara : _bTürk Tarih Kurumu Yayınları _c1997 |
|
| 300 |
_aXXX , 216 sayfa : _bresimli ; _c23cm. |
||
| 336 |
_ametin _btxt _2rdacontent |
||
| 337 |
_aaracısız _bn _2rdamedia |
||
| 338 |
_acilt _bnc _2rdacarrier |
||
| 490 | 1 | _aAtatürk Kültür, Dil ve Tarih Yüksek Kurumu Türk Tarih Kurumu Yayınları VII. | |
| 490 | 1 |
_adizisi ; _vsayı 162 |
|
| 500 | _aKaynakça ve dizin var. | ||
| 650 | 0 |
_aMining--Turkey. _922342 |
|
| 650 | 0 |
_aMines and mineral resources--Turkey. _922343 |
|
| 650 | 0 |
_aTurkey--History--Ottoman Empire, 1288-1918. _94433 |
|
| 650 | 0 |
_aMadencilik--Türkiye. _922344 |
|
| 650 | 0 |
_aMadenler ve mineral kaynakları--Türkiye. _922345 |
|
| 650 | 0 |
_aTürkiye--Tarih--Osmanlı İmparatorluğu, 1288-1918. _912229 |
|
| 830 | 1 |
_aAtatürk Kültür, Dil ve Tarih Yüksek Kurumu Türk Tarih Kurumu Yayınları VII. _921717 |
|
| 830 | 1 |
_adizisi ; _vsayı 162 _95711 |
|
| 942 |
_2lcc _cBK |
||
| 999 |
_c8908 _d8908 |
||